[Event "Civil Service Minor op"]
[Site "London"]
[Date "2005.11.05"]
[Round "2"]
[White "Fajemisin, Jeremy"]
[Black "Buckles, Robert"]
[Result "1-0"]
[WhiteElo "1496"]
[BlackElo "1120"]
[PlyCount "75"]
[EventDate "2005.11.05"]
[EventType "swiss"]
[EventRounds "5"]
[EventCountry "ENG"]
[SourceTitle "EXT 2007"]
[Source "ChessBase"]
[SourceDate "2006.11.23"]
[SourceVersion "1"]
[SourceVersionDate "2006.11.23"]
[SourceQuality "1"]

1. d4 Nf6 2. Bg5 Ne4 3. Bf4 b6 4. f3 Nd6 5. e4 f6 6. Bd3 Ba6 7. Qe2 b5 8. a4 c6 9. Bxd6 exd6 10. axb5 cxb5 11. f4 Qb6 12. Nf3 Nc6 13. c3 g6 14. Na3 Bg7 15. Nc2 0-0 16. Ne3 Ne7 17. 0-0 Rac8 18. Kh1 Bb7 19. Bxb5 d5 20. e5 fxe5 21. Nxe5 Bxe5 22. fxe5 d6 23. exd6 Qxd6 24. Ng4 Nf5 25. Ne5 Ra8 26. Ba6 Rab8 27. Bd3 Bc8 28. Rxa7 Be6 29. Rfa1 Qd8 30. Nc6 Qh4 31. Qxe6+ Kh8 32. Qe5+ Qf6 33. Qxf6+ Rxf6 34. Nxb8 Nd6 35. Ra8 Rf8 36. Nd7 Rxa8 37. Rxa8+ Kg7 38. Ne5 1-0